[Event "Cardiff Welsh op"]
[Site "Cardiff"]
[Date "2023.04.07"]
[Round "1"]
[White "Guy, David T"]
[Black "Browse, Joseph"]
[Result "1-0"]
[WhiteElo "1827"]
[BlackElo "1473"]
[PlyCount "49"]
[EventDate "2023.04.07"]
[EventType "swiss"]
[EventRounds "7"]
[EventCountry "WLS"]
[SourceTitle "EXT 2024"]
[Source "ChessBase"]
[SourceDate "2023.10.10"]
[SourceVersion "1"]
[SourceVersionDate "2023.10.10"]
[SourceQuality "1"]

1. d4 d5 2. Nf3 Nf6 3. c4 e6 4. Nc3 a6 5. Bg5 dxc4 6. a4 Nc6 7. e3 Na5 8. Ne5 Bb4 9. Be2 Qd5 10. Bf3 Bxc3+ 11. bxc3 Qd6 12. Qc2 Nd5 13. Bh4 f6 14. Bh5+ Kf8 15. Nf7 Qc6 16. Nxh8 Kg8 17. Nf7 g6 18. Bxg6 hxg6 19. Qxg6+ Kf8 20. Nh6 Ke7 21. Qf7+ Kd6 22. Bg3+ e5 23. dxe5+ fxe5 24. Qf8+ Kd7 25. 0-0 1-0

[Event "West Wales op"]
[Site "Swansea"]
[Date "2019.10.12"]
[Round "2"]
[White "Hare, Roy T"]
[Black "Guy, David T"]
[Result "1/2-1/2"]
[WhiteElo "1672"]
[BlackElo "1891"]
[PlyCount "94"]
[EventDate "2019.10.11"]
[EventType "swiss"]
[EventRounds "5"]
[EventCountry "WLS"]
[SourceTitle "EXT 2022"]
[Source "ChessBase"]
[SourceDate "2021.10.06"]
[SourceVersion "1"]
[SourceVersionDate "2021.10.06"]
[SourceQuality "1"]

1. e4 c5 2. Nf3 d6 3. Bc4 e6 4. d4 cxd4 5. Nxd4 Nc6 6. Be3 Nf6 7. Nc3 Be7 8. Nxc6 bxc6 9. Bd3 e5 10. 0-0 0-0 11. h3 Be6 12. Ne2 d5 13. Ng3 Qc8 14. Qf3 Rd8 15. Nf5 Bxf5 16. Qxf5 Qxf5 17. exf5 h6 18. Rfe1 Bd6 19. Rf1 d4 20. Bd2 Rab8 21. b3 e4 22. Be2 Bc5 23. g4 e3 24. Be1 Nd5 25. f3 Nf4 26. Bd3 Nxh3+ 27. Kh2 Ng5 28. Bg3 Bd6 29. f4 Nh7 30. Kg2 Re8 31. Rae1 c5 32. Rh1 Rb6 33. Kf3 Bc7 34. Re2 f6 35. Rh3 Kf8 36. Bh4 Bd6 37. g5 fxg5 38. fxg5 Nxg5+ 39. Bxg5 hxg5 40. Rg2 Be7 41. Rh5 Bf6 42. Rh8+ Ke7 43. Rxe8+ Kxe8 44. Rh2 Ke7 45. Rh8 Rb7 46. Be4 Rc7 47. Rb8 Kd6 1/2-1/2

[Event "West Wales op"]
[Site "Swansea"]
[Date "2019.10.11"]
[Round "1"]
[White "Guy, David T"]
[Black "Kozusek, Daniel"]
[Result "0-1"]
[WhiteElo "1891"]
[BlackElo "2338"]
[PlyCount "56"]
[EventDate "2019.10.11"]
[EventType "swiss"]
[EventRounds "5"]
[EventCountry "WLS"]
[SourceTitle "EXT 2022"]
[Source "ChessBase"]
[SourceDate "2021.10.06"]
[SourceVersion "1"]
[SourceVersionDate "2021.10.06"]
[SourceQuality "1"]

1. d4 Nf6 2. c4 e6 3. Nf3 d5 4. Nc3 dxc4 5. Qa4+ Nbd7 6. g3 a6 7. Bg2 Rb8 8. Qxc4 b5 9. Qd3 Bb7 10. 0-0 Bd6 11. Bf4 Bxf4 12. gxf4 c5 13. dxc5 Nxc5 14. Qxd8+ Rxd8 15. Rad1 Ke7 16. Nd4 Bxg2 17. Kxg2 Rc8 18. e3 b4 19. Nce2 h6 20. Nc1 Rhg8 21. h4 g5 22. hxg5 hxg5 23. fxg5 Rxg5+ 24. Kf3 e5 25. Ndb3 Nce4 26. Nd3 Rc2 27. Nxb4 Rg3+ 28. fxg3 Ng5# 0-1